00834nam a2200205Ia 4500952013500000952014000135999001700275003000400292005001700296008004100313040000900354082001800363100002800381245008000409250001200489260006400501300000900565650001200574942004200586 00102ddc40708PHYSICSaMESbMEScPHYd2019-02-20g48.00l0o535.84 BAN/Fp14301r2019-02-20 00:00:00t3w2019-02-20yBKzGL13R1 00102ddc40708PHYSICSaMESbMEScPHYd2019-02-20l1o535.84 BAN/Fp13943r2019-12-03 00:00:00s2019-12-02t1w2019-02-20yBKzGL13R1 c32938d32938OSt20200827120651.0190216s9999||||xx |||||||||||||| ||und|| coclc a535.84bBAN/F aBanwell, Colin N 94339 0aFundamentals Of Molecular Spectroscopy /cColin N Banwell ; Elaine M Mccash a3rd Ed. bTata Mcgraw Hill Publishing Company Ltd,c1995.aNew Delhi: a338p aPhysics cBK2ddch535.84iBAN/Fk535.84mBAN/F